| 000 | 00629nam a2200277Ia 4500 | ||
|---|---|---|---|
| 008 | 210210b2006 xxu||||| |||| 00| 0 eng d | ||
| 020 | _a8181284755 | ||
| 041 | _aeng | ||
| 082 | _a541.37 BOCM | ||
| 100 | _aBOCKRIS (John O'M) | ||
| 245 |
_aModern electrochemistry Vol 1 Ed 2 _bIonics |
||
| 250 | _a | ||
| 260 |
_aNew Delhi _bSpringer _c2006 |
||
| 300 | _axxxvII,784 | ||
| 440 | _a1 | ||
| 650 | _aVol | ||
| 650 | _aModern | ||
| 650 | _aIonics | ||
| 650 | _aelectrochemistry | ||
| 650 | _aEd | ||
| 650 | _a2 | ||
| 650 | _a1 | ||
| 690 | _aPhysical Chemistry | ||
| 700 | _aREDDY (Amulya K N) | ||
| 906 | _a062366 | ||
| 999 |
_c117506 _d117506 |
||